London Underground Termini Quiz Stats

 Plays Quiz Updated Oct 12, 2013

     
Support Sporcle.
Go Orange.
Score 0/30 Timer 09:00
1 Play Today
Line Station % Correct
Waterloo & CityWaterloo
82.5%
PiccadillyHeathrow Terminal 5
74.1%
DLR, Waterloo & CityBank
73%
PiccadillyCockfosters
72.8%
Hammersmith & CityHammersmith
70.1%
VictoriaBrixton
67.9%
District, TramlinkWimbledon
67.6%
DLR, Jubilee, OvergroundStratford
67.4%
NorthernMorden
67.4%
BakerlooElephant and Castle
67.2%
NorthernEdgware
63%
Central, DistrictEaling Broadway
60.3%
District, OvergroundRichmond
59.9%
CentralEpping
58.2%
MetropolitanAldgate
57.7%
Line Station % Correct
Metropolitan, PiccadillyUxbridge
57.5%
DistrictUpminster
57.1%
NorthernBattersea Power Station
57%
MetropolitanAmersham
57%
JubileeStanmore
56.7%
NorthernHigh Barnet
56.1%
MetropolitanWatford
54.3%
VictoriaWalthamstow Central
52.8%
Hammersmith & City, OvergroundBarking
50.1%
NorthernMill Hill East
48%
MetropolitanChesham
47.4%
CentralWest Ruislip
45%
DistrictEdgware Road
44.6%
BakerlooHarrow and Wealdstone
44.2%
DistrictKensington (Olympia)
40.5%

From the Vault

Missing Colors Multiple Choice II

by El_Dandy

Meanwhile, we're still trying to figure out what color that dumb dress was.
Remove Ads.
Support Sporcle.
Get the best of Sporcle when you Go Orange. This ad-free experience offers more features, more stats, and more fun while also helping to support Sporcle. Thank you for becoming a member.

Show Comments

Extras

Top Quizzes Today


Score Distribution

Your Account Isn't Verified!

In order to create a playlist on Sporcle, you need to verify the email address you used during registration. Go to your Sporcle Settings to finish the process.

Report this User

Report this user for behavior that violates our Community Guidelines.

Details: